LIBRARY & INFORMATION CENTRE, KCAET, TAVANUR

ONLINE PUBLIC ACCESS CATALOGUE (OPAC)

Design and operation of farm irigation systems / (Record no. 12893)

MARC details
000 -LEADER
fixed length control field 00432cam a2200157ua 4500
041 ## - LANGUAGE CODE
Language code of text/sound track or separate title eng
082 ## - DEWEY DECIMAL CLASSIFICATION NUMBER
Classification number 631.587
Item number JEN/DE
100 ## - MAIN ENTRY--AUTHOR NAME
Personal name Jensen, M.E .
245 ## - TITLE STATEMENT
Title Design and operation of farm irigation systems /
260 ## - PUBLICATION, DISTRIBUTION, ETC. (IMPRINT)
Place of publication Michigan :
Name of publisher American Society of Agricultural Engineers ,
Year of publication 1983.
300 ## - PHYSICAL DESCRIPTION
Number of Pages 830 ; .
500 ## - GENERAL NOTE
General note Photocopy
942 ## - ADDED ENTRY ELEMENTS (KOHA)
Koha item type Books
Holdings
Withdrawn status Lost status Damaged status Home library Current library Date acquired Full call number Accession Number Koha item type
      KAUAET KAUAET 31/05/1989 631.587 16518 Books
free website counter